[Event "11th Chennai Open-GM 2019"]
[Site "Chennai"]
[Date "2019.01.24"]
[Round "9"]
[White "Girish, A. Koushik"]
[Black "Rozum, Ivan"]
[Result "0-1"]
[WhiteElo "2411"]
[BlackElo "2589"]
[Annotator "TA"]
[PlyCount "78"]
[EventDate "2019.01.18"]
[EventType "swiss"]
[EventCountry "IND"]
[SourceTitle "playchess.com"]
[Source "ChessBase"]
[SourceQuality "1"]

{[%evp 14,78,52,39,47,37,41,25,24,23,25,24,22,8,18,8,35,37,60,27,27,27,20,12,14,8,22,19,31,22,13,30,27,-14,-7,-14,0,0,0,0,0,0,-13,-22,-21,-46,-31,-51,-17,-51,-29,-25,-26,-25,-19,-81,-79,-72,-76,-684,-684,-670,-677,-665,-665,-650,-640]} 1. d4 Nf6 2. c4 d6 3. Nc3 e5 4. Nf3 {[%cal Bg1f3,Bf3e1,Be1d3,Bd3e5][%mdl 32]} Nc6 5. d5 Ne7 6. e4 Ng6 7. Be2 {A54: Old Indian Defence with Nf3, but without e4} (7. g3 Be7 8. h4 h6 9. Be2 a5 10. h5 Nf8 11. Nh4 N8h7 12. Be3 O-O 13. Ng2 c6 14. f3 Bd7 15. a4 Qc8 16. Bf2 {½-½ (44) Moiseenko,A (2707)-Rapport,R (2704) Tromsoe 2014}) 7... Be7 8. O-O {LiveBook: 4 Games} h6 9. Ne1 $146 {White is slightly better.} ({Predecessor:} 9. b4 O-O 10. Ne1 Nf4 11. Bxf4 exf4 12. Nd3 g5 13. c5 Nd7 14. Bg4 Bf6 15. Rc1 Ne5 16. Nxe5 Bxe5 17. Bxc8 Rxc8 18. Nb5 dxc5 19. bxc5 c6 20. dxc6 Rxc6 21. Qd5 Qf6 22. Qb3 a6 23. Nc3 Bxc3 24. Rxc3 b6 {0-1 (39) Gara,T (2318)-Mester,G (2419) Hungary 2002}) 9... Nf4 10. Bxf4 exf4 11. Nd3 g5 $1 12. e5 dxe5 13. Nxe5 O-O 14. Re1 Nd7 15. Nd3 Bf6 16. Qc2 Ne5 17. Nxe5 Bxe5 18. c5 Qf6 19. Rad1 Bf5 20. Bd3 Bg4 21. f3 Bd7 22. Ne4 Qg7 23. c6 bxc6 24. dxc6 Be6 25. b3 Rfd8 26. Kh1 Bd4 27. Bc4 Bf5 28. Rd3 Bb6 29. Red1 Rxd3 30. Bxd3 Rd8 31. g4 $1 {[%cal Rg4f5]} fxg3 32. Nxg3 Bxd3 33. Rxd3 Re8 34. Rd7 (34. Kg2 $11) 34... Qf6 $36 {[%mdl 2048] Black is in control.} 35. Kg2 Re1 {Strongly threatening ...Rg1+.} 36. Ne2 $2 {[%mdl 8192] [#]} (36. Rd1 $17 Rxd1 37. Qxd1) 36... g4 $1 $19 {[%csl Gg4][%cal Rf6f3][%mdl 512] Black is clearly winning.} 37. Qe4 (37. fxg4 Qf1+) 37... gxf3+ 38. Qxf3 {[#]} Rxe2+ $1 {[%mdl 512]} 39. Qxe2 {Threatens to win with Qf3.} Qxc6+ {Precision: White = 55%, Black = 84%.} 0-1

[Event "11th Chennai Open-GM 2019"]
[Site "Chennai"]
[Date "2019.01.24"]
[Round "9"]
[White "Muthaiah AL"]
[Black "Maheswaran, P.."]
[Result "1-0"]
[WhiteElo "2406"]
[BlackElo "2207"]
[Annotator "ChessBase"]
[PlyCount "71"]
[EventDate "2019.01.18"]
[EventType "swiss"]
[EventCountry "IND"]
[SourceTitle "playchess.com"]
[Source "ChessBase"]
[SourceQuality "1"]
[TimeControl "5400+30"]

1. d4 {[%emt 0:00:00]} Nf6 {[%emt 0:00:39]} 2. Bg5 {[%emt 0:00:12]} g6 {[%emt 0:03:11]} 3. Bxf6 {[%emt 0:02:01]} exf6 {[%emt 0:00:09]} 4. e3 {[%emt 0:00:14]} d6 {[%emt 0:02:45]} 5. g3 {[%emt 0:00:12]} f5 {[%emt 0:04:43]} 6. Bg2 {[%emt 0:00:16]} Bg7 {[%emt 0:00:16]} 7. Ne2 {[%emt 0:01:32]} Nd7 {[%emt 0:00:56]} 8. c4 {[%emt 0:01:19]} Nf6 {[%emt 0:06:05]} 9. Nbc3 {[%emt 0:01:05]} c6 {[%emt 0:02:22]} 10. O-O {[%emt 0:03:33]} O-O {[%emt 0:00:21]} 11. b4 {[%emt 0:04:41]} Re8 {[%emt 0:06:42]} 12. b5 {[%emt 0:12:01]} Bd7 {[%emt 0:10:25]} 13. Rb1 {[%emt 0:03:33]} Qc7 {[%emt 0:04:02]} 14. Qd3 {[%emt 0:05:42]} Rab8 {[%emt 0:10:01]} 15. Rfc1 {[%emt 0:03:29]} h5 {[%emt 0:01:31]} 16. h4 {[%emt 0:01:36]} Bh6 {[%emt 0:00:50]} 17. Nf4 {[%emt 0:01:21]} Kg7 {[%emt 0:05:01]} 18. c5 {[%emt 0:10:25]} dxc5 {[%emt 0:19:40]} 19. dxc5 {[%emt 0:01:07]} Qe5 {[%emt 0:02:04]} 20. Qd4 {[%emt 0:09:36]} Qxd4 {[%emt 0:11:56]} 21. exd4 {[%emt 0:00:29]} Bxf4 {[%emt 0:00:40]} 22. gxf4 {[%emt 0:00:01]} Red8 {[%emt 0:05:10]} 23. a4 {[%emt 0:03:13]} Be8 {[%emt 0:01:05]} 24. Rd1 {[%emt 0:00:37]} Rbc8 {[%emt 0:00:47]} 25. a5 {[%emt 0:02:03]} Nd5 {[%emt 0:00:31]} 26. Bxd5 {[%emt 0:02:02]} cxd5 {[%emt 0:00:11]} 27. Re1 {[%emt 0:00:16]} Bd7 {[%emt 0:00:14]} 28. Re3 {[%emt 0:01:50]} Be6 {[%emt 0:00:15]} 29. Ra1 {[%emt 0:00:32]} Kf6 {[%emt 0:00:47]} 30. Kf1 {[%emt 0:02:03]} Rb8 {[%emt 0:00:14]} 31. Ke2 {[%emt 0:00:59]} Ke7 {[%emt 0:00:19]} 32. Kd2 {[%emt 0:00:13]} Kd7 {[%emt 0:00:09]} 33. Kc2 {[%emt 0:02:42]} Rdc8 {[%emt 0:00:37]} 34. Kb3 {[%emt 0:00:26]} Rxc5 {[%emt 0:00:25]} 35. dxc5 {[%emt 0:00:01]} d4+ {[%emt 0:00:11]} 36. Rxe6 {[%emt 0:00:06]} 1-0

[Event "11th Chennai Open-GM 2019"]
[Site "Chennai"]
[Date "2019.01.24"]
[Round "9"]
[White "Padmini, Rout"]
[Black "Stupak, Kirill"]
[Result "1-0"]
[WhiteElo "2365"]
[BlackElo "2542"]
[Annotator "ChessBase"]
[PlyCount "100"]
[EventDate "2019.01.18"]
[EventType "swiss"]
[EventCountry "IND"]
[SourceTitle "playchess.com"]
[Source "ChessBase"]
[SourceQuality "1"]
[TimeControl "5400+30"]

1. Nf3 {[%emt 0:02:17]} Nf6 {[%emt 0:01:24]} 2. g3 {[%emt 0:00:29]} d5 {[%emt 0:01:00]} 3. Bg2 {[%emt 0:00:13]} c5 {[%emt 0:00:15]} 4. O-O {[%emt 0:00:28]} g6 {[%emt 0:00:13]} 5. c4 {[%emt 0:04:48]} d4 {[%emt 0:00:12]} 6. b4 {[%emt 0:08:19]} cxb4 {[%emt 0:01:15]} 7. d3 {[%emt 0:01:02]} Nc6 {[%emt 0:01:01]} 8. a3 {[%emt 0:01:27]} bxa3 {[%emt 0:02:18]} 9. Bxa3 {[%emt 0:00:15]} Bg7 {[%emt 0:01:35]} 10. Nbd2 {[%emt 0:00:42]} O-O {[%emt 0:00:04]} 11. Qa4 {[%emt 0:04:09]} Qc7 {[%emt 0:01:59]} 12. Rfb1 {[%emt 0:01:11]} Rd8 {[%emt 0:10:52]} 13. Ra2 {[%emt 0:00:52]} Bd7 {[%emt 0:08:38]} 14. Rab2 {[%emt 0:08:11]} Rab8 {[%emt 0:06:07]} 15. Qc2 {[%emt 0:20:12]} h6 {[%emt 0:08:01]} 16. Nb3 {[%emt 0:02:15]} Bc8 {[%emt 0:00:08]} 17. Bc5 {[%emt 0:06:50]} e5 {[%emt 0:06:02]} 18. Nbd2 {[%emt 0:02:08]} b6 {[%emt 0:02:29]} 19. Ba3 {[%emt 0:00:09]} Bd7 {[%emt 0:01:12]} 20. Ne1 {[%emt 0:02:14]} a5 {[%emt 0:07:03]} 21. Qb3 {[%emt 0:04:05]} Be6 {[%emt 0:04:34]} 22. Qd1 {[%emt 0:08:55]} Na7 {[%emt 0:01:12]} 23. Nc2 {[%emt 0:02:11]} Ne8 {[%emt 0:04:52]} 24. Ne4 {[%emt 0:05:19]} Bf8 {[%emt 0:06:26]} 25. Qc1 {[%emt 0:03:05]} g5 {[%emt 0:13:20]} 26. Bxf8 {[%emt 0:05:31]} Kxf8 {[%emt 0:00:01]} 27. h4 {[%emt 0:02:43]} f5 {[%emt 0:00:50]} 28. Nd2 {[%emt 0:00:32]} g4 {[%emt 0:01:06]} 29. f3 {[%emt 0:00:25]} Nf6 {[%emt 0:02:35]} 30. Nb3 {[%emt 0:01:07]} Kg7 {[%emt 0:00:40]} 31. fxg4 {[%emt 0:00:43]} fxg4 {[%emt 0:00:42]} 32. Nxa5 {[%emt 0:00:59]} e4 {[%emt 0:00:10]} 33. Qf4 {[%emt 0:00:32]} Qxf4 {[%emt 0:04:57]} 34. gxf4 {[%emt 0:00:02]} exd3 {[%emt 0:00:30]} 35. exd3 {[%emt 0:00:06]} Nh5 {[%emt 0:00:12]} 36. Rxb6 {[%emt 0:01:37]} Rxb6 {[%emt 0:01:07]} 37. Rxb6 {[%emt 0:00:03]} Bc8 {[%emt 0:00:06]} 38. f5 {[%emt 0:01:33]} Nf6 {[%emt 0:01:03]} 39. Nb7 {[%emt 0:00:56]} Re8 {[%emt 0:02:10]} 40. Nxd4 {[%emt 0:00:20]} Re3 {[%emt 0:00:54]} 41. Nc5 {[%emt 0:00:07]} g3 {[%emt 0:00:16]} 42. Bf3 {[%emt 0:00:51]} Re5 {[%emt 0:00:35]} 43. Ne4 {[%emt 0:00:51]} Ne8 {[%emt 0:00:19]} 44. Kg2 {[%emt 0:00:25]} Kf8 {[%emt 0:00:41]} 45. Kxg3 {[%emt 0:00:26]} Ra5 {[%emt 0:00:23]} 46. Kf4 {[%emt 0:00:24]} Ra3 {[%emt 0:00:08]} 47. Nc5 {[%emt 0:00:17]} Ra5 {[%emt 0:00:09]} 48. Nce6+ {[%emt 0:00:19]} Ke7 {[%emt 0:00:09]} 49. Rb8 {[%emt 0:00:34]} Ra3 {[%emt 0:01:47]} 50. Ra8 {[%emt 0:00:29]} Nd6 {[%emt 0:00:12]} 1-0

[Event "11th Chennai Open-GM 2019"]
[Site "Chennai"]
[Date "2019.01.24"]
[Round "9"]
[White "Ritviz, Parab"]
[Black "Hegde, Ravi Gopal"]
[Result "1/2-1/2"]
[WhiteElo "2362"]
[BlackElo "2110"]
[Annotator "NA"]
[PlyCount "49"]
[EventDate "2019.01.18"]
[EventType "swiss"]
[EventCountry "IND"]
[SourceTitle "playchess.com"]
[Source "ChessBase"]
[SourceQuality "1"]
[TimeControl "5400+30"]

1. e4 {[%emt 0:10:16]} e5 {[%emt 0:00:00]} 2. Nf3 {[%emt 0:00:05]} Nc6 {[%emt 0:00:00]} 3. Bb5 {[%emt 0:00:06]} a6 {[%emt 0:00:22]} 4. Ba4 {[%emt 0:00:07]} d6 {[%emt 0:00:39]} 5. O-O {[%emt 0:00:11]} g6 {[%emt 0:00:39]} 6. c3 {[%emt 0:00:30]} Bg7 {[%emt 0:00:11]} 7. d4 {[%emt 0:03:17]} Bd7 {[%emt 0:00:09]} 8. Re1 {[%emt 0:00:21]} Nge7 {[%emt 0:01:38]} 9. Be3 {[%emt 0:00:19]} O-O {[%emt 0:00:24]} 10. Nbd2 {[%emt 0:00:30]} Qe8 {[%emt 0:00:30]} 11. Bb3 {[%emt 0:02:04]} Kh8 {[%emt 0:03:57]} 12. h3 {[%emt 0:00:30]} f6 {[%emt 0:00:30]} 13. Nc4 {[%emt 0:00:30]} a5 {[%emt 0:00:30]} 14. a4 {[%emt 0:00:30]} g5 {[%emt 0:00:30]} 15. dxe5 {[%emt 0:00:30]} dxe5 {[%emt 0:00:30]} 16. Bc5 {[%emt 0:00:30]} b6 {[%emt 0:00:30]} 17. Ba3 {[%emt 0:00:30]} Rd8 {[%emt 0:00:30]} 18. Qe2 {[%emt 0:00:30]} g4 {[%emt 0:00:30]} 19. Nh4 {[%emt 0:00:30]} Qh5 {[%emt 0:00:30]} 20. g3 {[%emt 0:00:30]} Qg5 {[%emt 0:00:30]} 21. Ne3 {[%emt 0:00:30]} gxh3 {[%emt 0:00:30]} 22. Kh2 {[%emt 0:00:30]} Bh6 {[%emt 0:00:30]} 23. Rad1 {[%emt 0:00:30]} Qg7 {[%emt 0:00:30]} 24. Nhf5 {[%emt 0:00:30]} Qg6 {[%emt 0:00:30]} 25. Nxh6 {[%emt 0:00:30]} 1/2-1/2

[Event "11th Chennai Open-GM 2019"]
[Site "Chennai"]
[Date "2019.01.24"]
[Round "9"]
[White "Babiy, Olga"]
[Black "Megaranto, Susanto"]
[Result "0-1"]
[WhiteElo "2275"]
[BlackElo "2530"]
[Annotator "RC"]
[PlyCount "88"]
[EventDate "2019.01.18"]
[EventType "swiss"]
[EventCountry "IND"]
[SourceTitle "playchess.com"]
[Source "ChessBase"]
[SourceQuality "1"]
[TimeControl "5400+30"]

1. e4 {[%emt 0:00:00]} g6 {[%emt 0:00:00]} 2. d4 {[%emt 0:00:00]} Bg7 {[%emt 0:00:00]} 3. Nc3 {[%emt 0:00:00]} c6 {[%emt 0:00:00]} 4. f4 {[%emt 0:00:32]} d5 {[%emt 0:00:45]} 5. e5 {[%emt 0:00:15]} Nh6 {[%emt 0:00:23]} 6. Nf3 {[%emt 0:01:50]} O-O {[%emt 0:00:31]} 7. Be3 {[%emt 0:01:58]} Qb6 {[%emt 0:00:43]} 8. Na4 {[%emt 0:06:29]} Qa5+ {[%emt 0:04:08]} 9. c3 {[%emt 0:00:48]} f6 {[%emt 0:05:37]} 10. Be2 {[%emt 0:04:39]} Bg4 {[%emt 0:01:33]} 11. O-O {[%emt 0:07:42]} Nd7 {[%emt 0:02:02]} 12. b4 {[%emt 0:02:17]} Qc7 {[%emt 0:00:25]} 13. h3 {[%emt 0:13:06]} Nf5 {[%emt 0:10:32]} 14. Bf2 {[%emt 0:02:03]} Bxf3 {[%emt 0:00:14]} 15. Bxf3 {[%emt 0:00:02]} Bh6 {[%emt 0:03:13]} 16. g3 {[%emt 0:09:20]} fxe5 {[%emt 0:06:24]} 17. dxe5 {[%emt 0:09:10]} e6 {[%emt 0:09:53]} 18. h4 {[%emt 0:02:28]} b5 {[%emt 0:01:59]} 19. Nb2 {[%emt 0:01:29]} Nb6 {[%emt 0:06:34]} 20. Qe2 {[%emt 0:04:42]} a5 {[%emt 0:01:32]} 21. a3 {[%emt 0:02:21]} Rf7 {[%emt 0:04:52]} 22. a4 {[%emt 0:08:10]} Nc4 {[%emt 0:05:14]} 23. Nxc4 {[%emt 0:03:49]} bxc4 {[%emt 0:01:27]} 24. Rfb1 {[%emt 0:00:27]} axb4 {[%emt 0:01:13]} 25. Rxb4 {[%emt 0:00:01]} Bf8 {[%emt 0:00:45]} 26. Rb2 {[%emt 0:01:33]} Qa5 {[%emt 0:00:05]} 27. Qd2 {[%emt 0:00:36]} Bc5 {[%emt 0:00:22]} 28. Bxc5 {[%emt 0:00:55]} Qxc5+ {[%emt 0:00:10]} 29. Kh2 {[%emt 0:00:02]} Rfa7 {[%emt 0:02:00]} 30. g4 Nxh4 {[%emt 0:07:21]} 31. Bd1 {[%emt 0:03:04]} g5 {[%emt 0:03:17]} 32. f5 {[%emt 0:00:44]} h6 {[%emt 0:02:18]} 33. Rab1 {[%emt 0:07:49]} exf5 {[%emt 0:01:28]} 34. gxf5 {[%emt 0:00:04]} Nxf5 {[%emt 0:00:41]} 35. Bg4 {[%emt 0:00:31]} Qe3 {[%emt 0:01:57]} 36. Qxe3 {[%emt 0:04:31]} Nxe3 {[%emt 0:00:05]} 37. Be6+ {[%emt 0:00:02]} Kg7 {[%emt 0:04:20]} 38. Rb7+ {[%emt 0:00:39]} Kg6 {[%emt 0:00:39]} 39. Rxa7 {[%emt 0:00:53]} Rxa7 {[%emt 0:00:01]} 40. Rb6 {[%emt 0:00:04]} g4 {[%emt 0:04:43]} 41. Rxc6 {[%emt 0:01:48]} Kg5 {[%emt 0:00:05]} 42. Rd6 {[%emt 0:03:28]} Rxa4 {[%emt 0:01:27]} 43. Bxd5 {[%emt 0:00:02]} Ra2+ {[%emt 0:00:06]} 44. Kg1 {[%emt 0:00:29]} g3 {[%emt 0:00:07]} 0-1

[Event "11th Chennai Open-GM 2019"]
[Site "Chennai"]
[Date "2019.01.24"]
[Round "9"]
[White "Gajwa Ankit"]
[Black "Gajek, Radoslaw"]
[Result "1/2-1/2"]
[WhiteElo "2263"]
[BlackElo "2481"]
[Annotator "TA"]
[PlyCount "82"]
[EventDate "2019.01.18"]
[EventType "swiss"]
[EventCountry "IND"]
[SourceTitle "playchess.com"]
[Source "ChessBase"]
[SourceQuality "1"]

{[%evp 16,82,17,22,27,24,20,18,21,18,27,31,22,6,0,0,0,0,0,0,0,0,0,0,0,0,4,7,18,7,8,-8,-1,-12,0,0,0,0,0,0,0,0,0,0,0,0,0,0,0,-15,-8,-8,-8,-8,-5,-7,-8,-12,-12,-12,0,0,0,0,0,0,0,0,0]} 1. e4 e6 2. d4 d5 3. Nc3 dxe4 4. Nxe4 Nd7 5. Nf3 Ngf6 6. Bd3 c5 7. O-O Nxe4 8. Bxe4 Nf6 9. Bg5 cxd4 {C10: French with 3 Nc3: Unusual Black 3rd moves and 3...dxe4} 10. Nxd4 Be7 11. Bf3 O-O 12. Qd3 Qb6 13. Rad1 Rd8 {[#] Threatens to win with ...Bc5.} 14. Qb3 {The position is equal.} e5 15. Rfe1 Rxd4 $146 16. Qxb6 axb6 17. Rxd4 exd4 18. Rxe7 {[#] Black must now prevent Bxf6.} Rxa2 {( -> ...Ra1+)} 19. h3 {Bxf6 is the strong threat.} Kf8 $1 {[%cal Rf8e7]} 20. Rc7 Bf5 21. g4 Be6 22. Bxf6 gxf6 $11 {[%mdl 4096] Endgame KRB-KRB} 23. b3 f5 24. Be2 Ra1+ 25. Kh2 Rc1 26. Bd3 fxg4 27. hxg4 Bxb3 28. Bxh7 Bd5 {And now ...Rh1+ would win.} 29. Kg3 Bc6 30. Kf4 Rf1 31. Ke5 Rxf2 32. Kxd4 Rf4+ 33. Ke5 Rxg4 {next ...Kg7 is good for Black.} 34. Kf6 Be8 35. Rxb7 Rh4 36. Bf5 Rh6+ 37. Ke5 Rc6 38. Rb8 Ke7 39. Rb7+ Kf8 40. Rb8 Ke7 41. Rb7+ Kf8 {Accuracy: White = 68%, Black = 83%.} 1/2-1/2

[Event "11th Chennai Open-GM 2019"]
[Site "Chennai"]
[Date "2019.01.24"]
[Round "9"]
[White "Saurabh Anand"]
[Black "Shyaamnikhil P"]
[Result "1-0"]
[WhiteElo "2210"]
[BlackElo "2446"]
[Annotator "TA"]
[PlyCount "99"]
[EventDate "2019.01.18"]
[EventType "swiss"]
[EventCountry "IND"]
[SourceTitle "playchess.com"]
[Source "ChessBase"]
[SourceQuality "1"]

{[%evp 15,99,42,30,30,41,26,23,29,106,100,269,276,287,289,297,285,279,242,246,258,245,189,220,220,220,220,221,218,217,210,213,207,206,206,196,197,215,177,195,187,230,241,220,222,216,195,420,346,1197,249,248,-1234,692,552,529,512,536,439,504,501,488,470,435,340,390,0,401,381,946,479,489,488,488,488,478,466,682,519,682,651,688,493,453,280,424,0]} 1. e4 c5 2. Nf3 Nc6 3. d4 cxd4 4. Nxd4 Qb6 5. Nb3 Nf6 6. Nc3 e6 7. Qe2 Bb4 8. Bd2 O-O 9. a3 {B33: Sicilian: Pelikan and Sveshnikov Variations} (9. O-O-O d5 10. exd5 exd5 11. Be3 Qc7 12. Nb5 Qd8 13. f3 a6 14. N5d4 Re8 15. Qf2 Ne5 16. Bd2 Bd6 17. Kb1 a5 18. Bb5 a4 {½-½ (76) Amonatov,F (2620)-Korobov,A (2692) Doha 2016}) 9... Bxc3 10. Bxc3 e5 11. O-O-O $1 {White has an edge.} Rd8 (11... Re8 $11 {remains equal.}) 12. Rd6 $16 Ne8 $2 {[#]} (12... Qc7 $16 13. Rxf6 gxf6) 13. Ba5 $1 $18 {[%cal Ra5b6][%mdl 576] [#] Skewer} Qxa5 $146 (13... Nxa5 14. Rxb6) ({Predecessor:} 13... Nxd6 14. Bxb6 axb6 15. Qd3 Ne8 16. Qe3 Nf6 17. Qxb6 Nxe4 {0-1 (48) Mainka,R (2417)-Boensch,U (2552) Germany 2016}) 14. Nxa5 Nxd6 15. Qd3 Ne8 16. Qc3 Nd4 17. Nb3 Nc6 18. Bc4 Nf6 19. Bd5 d6 20. Bxc6 bxc6 21. f3 Be6 22. Na5 {aiming for Nb7.} ({Don't go for} 22. Qxc6 $2 Bxb3 23. Qb7 (23. cxb3 $2 Rdc8 $19) 23... Rdb8 $19) 22... c5 23. Rd1 Rd7 24. Nc4 Bxc4 25. Qxc4 Rb8 26. g4 Kf8 27. h3 {[%cal Bh2h3,Bh3h4][%mdl 32]} g5 28. h4 h6 29. Qc3 Ke7 30. b4 Rdb7 $2 (30... cxb4 31. axb4 gxh4) 31. Qd2 cxb4 $2 (31... Rb6 32. hxg5 hxg5 33. Qxg5 cxb4 34. axb4 Ra6) 32. axb4 $2 (32. Qxd6+ Ke8 33. Qxf6) 32... Ne8 33. Qxg5+ $4 {[%mdl 8192]} ({Don't take} 33. hxg5 Rxb4 34. Qe3 Rb1+ 35. Kd2 hxg5) (33. c3 $18) 33... f6 $4 {[%mdl 8192]} (33... hxg5 $19 34. h5 Rxb4) 34. Qe3 Rxb4 35. Qxa7+ R8b7 36. Qa2 Rc7 37. Qg8 Rbc4 38. Rd2 Rc3 39. Rh2 Kd8 40. Rd2 $2 ({White should play} 40. Rf2 $18) 40... R7c6 $2 {[%mdl 8192]} (40... Ke7 $1 $11 {and Black has nothing to worry.}) 41. g5 {[%cal Bg4g5,Bg5g6][%mdl 32]} Rxf3 $2 (41... fxg5 42. hxg5 hxg5) 42. g6 Rf1+ 43. Kb2 Rb6+ 44. Kc3 {[#] Threatens to win with Rg2.} Rc6+ 45. Kd3 Rf3+ 46. Ke2 Rg3 47. Kf1 Ra6 48. Rh2 Ra1+ 49. Ke2 Ra7 (49... Ra4 $142 50. Rf2 Rxe4+ 51. Kf1 Rxh4 52. Rxf6 Rf4+ 53. Rxf4 exf4) 50. Kf1 $2 {[%mdl 32768] Accuracy: White = 51%, Black = 40%. . Sensor Board Error (Ke4/e5)?} ({White should try} 50. h5 $18) 1-0

[Event "11th Chennai Open-GM 2019"]
[Site "Chennai"]
[Date "2019.01.24"]
[Round "9"]
[White "Samant Aditya S"]
[Black "Akash G"]
[Result "1-0"]
[WhiteElo "2205"]
[BlackElo "2453"]
[Annotator "TA"]
[PlyCount "135"]
[EventDate "2019.01.18"]
[EventType "swiss"]
[EventCountry "IND"]
[SourceTitle "playchess.com"]
[Source "ChessBase"]
[SourceQuality "1"]

{[%evp 34,135,23,9,29,32,41,27,50,34,76,36,82,95,70,77,82,63,64,-13,80,0,139,138,128,35,42,42,42,42,37,39,36,38,41,-141,44,24,48,46,39,36,36,43,38,21,38,0,79,70,83,34,57,67,49,50,66,51,60,53,153,165,489,637,623,618,606,569,589,647,637,637,640,628,635,633,565,570,544,513,748,744,654,637,1512,1566,1958,1969,1675,1533,1930,1721,2186,1957,2117,2018,1462,1132,29972,29973,29970,29971,29981,29982]} 1. e4 e5 2. Nf3 Nc6 3. Bb5 a6 4. Ba4 Nf6 5. O-O Be7 6. Re1 b5 7. Bb3 d6 8. c3 O-O 9. h3 Nb8 {[%cal Bc6b8,Bb8d7,Bd7b6][%mdl 32]} 10. d4 Nbd7 11. Nbd2 Bb7 12. Bc2 Re8 13. Nf1 Bf8 14. Ng3 g6 15. a4 Nb6 16. b3 bxa4 {C95: Closed Ruy Lopez: Breyer Variation with 10 d4} 17. bxa4 a5 18. Rb1 {LiveBook: 11 Games} (18. Bg5 Bg7 19. Qc1 Qe7 20. Bh6 Qf8 21. Bxg7 Qxg7 22. Bd3 Bc6 23. Qc2 Qf8 24. c4 {½-½ (55) Amonatov,F (2614)-Cruz,C (2561) Arica 2018}) 18... Qc8 {The position is equal.} 19. Bg5 Bg7 20. Qc1 Bc6 21. Bh6 Bh8 22. Ra1 Qd7 {[%cal Rc6a4]} 23. dxe5 dxe5 {[%cal Rc6a4]} 24. Rd1 Qc8 $146 25. Ng5 {And now Bb3 would win.} Bg7 26. Nf3 (26. Bxg7 $14 Kxg7 27. Bb3) 26... Bh8 (26... Qe6 $11) 27. Ng5 (27. Qe3 $16) 27... Rd8 (27... Bg7 $11 28. Bxg7 Kxg7) 28. Qa3 $16 Bg7 {[#]} 29. Bxg7 (29. Nxf7 $1 $16 Rxd1+ 30. Rxd1 Kxf7 31. Bxg7) 29... Kxg7 $14 30. Qe7 Rxd1+ 31. Rxd1 Qe8 32. Qxc7 Bxa4 33. Bxa4 Nxa4 34. Rb1 $2 {[#]} (34. Ra1 $14 {stays ahead.} Rc8 35. Qxa5) 34... h6 $2 (34... Nd7 $1 $17 35. Rb5 Qd8 36. Qxd8 Rxd8) 35. Nxf7 Qd7 36. Qxd7 Nxd7 37. Nd6 $1 Nac5 38. Nc4 a4 {next ...a3 is good for Black.} 39. Na3 Rc8 40. Rb4 Kf6 (40... Rc6 $11 {remains equal.}) 41. Nf1 Rb8 42. Nd2 Rxb4 43. cxb4 {[%mdl 4096] Endgame KNN-KNN} Nd3 44. b5 Nb6 45. Ndc4 Nxc4 $1 46. Nxc4 {KN-KN} Ke6 (46... Ke7 $1 $14) 47. Kf1 $16 Nb4 $2 (47... g5 {is tougher.} 48. g3 h5) 48. Ke2 $18 Nc2 {aiming for ...a3.} 49. Kd2 Nd4 50. b6 Nc6 51. b7 Nb8 52. Kc3 Na6 53. Kb2 g5 54. Ka3 Kd7 55. Nxe5+ Kc7 56. Nf7 Kxb7 57. Nxh6 Nc5 58. Nf7 Nxe4 59. f3 {[%cal Bf2f3,Bf3f4][%mdl 32]} Nf6 60. Nxg5 Kc6 61. g4 Kd5 62. f4 Kd4 63. Kxa4 Ke3 64. Ne6 Ke4 65. Kb5 Nd5 66. Kc5 {White mates.} Ne3 67. Kd6 Nd1 68. f5 {Precision: White = 67%, Black = 39%.} 1-0